National Assembly Library of Thailand

กฎหมายสุโขทัยธรรมาธิราช ปีที่ 11 ฉบับที่ 2 (ธ.ค. 2542) (ระเบียนเลขที่ 105215)

รายละเอียดในรูปแบบ MARC
000 -LEADER
fixed length control field 04236nas a22002897a 4500
003 - CONTROL NUMBER IDENTIFIER
control field NALT
005 - DATE AND TIME OF LATEST TRANSACTION
control field 20240527142911.0
006 - FIXED-LENGTH DATA ELEMENTS--ADDITIONAL MATERIAL CHARACTERISTICS
fixed length control field a|||p|r|||| 00| 0
007 - PHYSICAL DESCRIPTION FIXED FIELD--GENERAL INFORMATION
fixed length control field ta
008 - FIXED-LENGTH DATA ELEMENTS--GENERAL INFORMATION
fixed length control field 240527b th |||p| |||| 00| 0 tha d
022 ## - INTERNATIONAL STANDARD SERIAL NUMBER
International Standard Serial Number 08579776
040 ## - CATALOGING SOURCE
Original cataloging agency NALT
041 ## - LANGUAGE CODE
Language code of text/sound track or separate title tha
245 00 - TITLE STATEMENT
Title กฎหมายสุโขทัยธรรมาธิราช ปีที่ 11 ฉบับที่ 2 (ธ.ค. 2542)
260 ## - PUBLICATION, DISTRIBUTION, ETC.
Place of publication, distribution, etc. ธรรมสาร จำกัด
310 ## - CURRENT PUBLICATION FREQUENCY
Current publication frequency ราย 6 เดือน
500 ## - GENERAL NOTE
General note วารสารเย็บเล่ม
505 2# - FORMATTED CONTENTS NOTE
Formatted contents note ปีที่ 11 ฉบับที่ 2 ธ.ค. 2542 -- ศาลปกครองกับทนายความหรือผู้ว่าคดีปกครอง -- กรณีหวยออนไลน์เอกชนยื่นฟ้องศาลปกครองได้หรือไม่? -- กระบวนการยุติธรรมของไทย :<br/>ปัญหาระบบกฎหมายหรือโครงสร้าง -- บทบาทของข้อมติของสมัชชาใหญ่สหประชาชาติในการพัฒนากฎหมายจารีตประเพณีระหว่างประเทศ -- การนำหลักเกณฑ์การคุ้มครอง<br/>ทรัพย์สินทางอุตสาหกรรม ตามอนุสัญญากรุงปารีส (ค.ศ.1967) มาใช้ในการคุ้มครองสิทธิในทรัพย์สินทางปัญญาตามความตกลง TRIPs -- ความรับผิดชอบระหว่างประเทศ<br/>อันเนื่องจากการก่อมลพิษข้ามพรมแดนตามหลักกฎหมาย "การใช้สิทธิโดยมิชอบ" (Principle of "Abuse of Rights" and State Responsibilities of causing of<br/>Trarsboundary Pollution) : ศึกษาจากคำวินิจฉัยคดีระหว่างประเทศ -- การเสียภาษีเงินได้ของบริษัทต่างประเทศกรณีประกอบกิจการในประเทศไทย -- การคืนภาษีมูลค่าเพิ่ม<br/>ให้แก่นักท่องเที่ยว (VAT Refund) -- กรณีต้องทำความเข้าใจเบื้องต้นในกฎหมายฟอกเงินของไทย -- พระภิกษุกับมรดก -- บันทึกความคิดเห็นทางวิชาการต่อข้อสอบชั้น<br/>เนติบัณฑิตไทยและธงคำตอบของสำนักอบรมศึกษากฎหมายแห่งเนติบัณฑิตยสภา ภาคการศึกษาที่ 1 สมัยที่ 52 ปีการศึกษา 2542 สอบความรู้ทางกฎหมายแพ่งและพาณิชย์ --<br/>ฎีกาวิเคราะห์ : คำพิพากษาศาลฎีกาที่ 31/2542 ปลูกบ้านในที่ดินสาธารณประโยชน์อันเป็นสาธารณสมบัติของแผ่นดิน -- ฎีกาวิเคราะห์ : คำพิพากษาศาลฎีกาที่ 121/2539<br/>พระราชบัญญัติแก้ไขเพิ่มเติมประมวลกฎหมายวิธีพิจารณาความแพ่ง (ฉบับที่ 18 และ 17) พ.ศ. 2542.
650 #0 - SUBJECT ADDED ENTRY--TOPICAL TERM
Topical term or geographic name entry element ภาษีเงินได้
9 (RLIN) 15356
650 #0 - SUBJECT ADDED ENTRY--TOPICAL TERM
Topical term or geographic name entry element มรดก
9 (RLIN) 4376
650 #0 - SUBJECT ADDED ENTRY--TOPICAL TERM
Topical term or geographic name entry element กฎหมายฟอกเงิน
9 (RLIN) 9168
850 ## - HOLDING INSTITUTION
Holding institution NALT
866 ## - TEXTUAL HOLDINGS--BASIC BIBLIOGRAPHIC UNIT
Textual string ปีที่ 11 ฉบับที่ 2 (ธ.ค. 2542)
942 ## - ADDED ENTRY ELEMENTS (KOHA)
Koha item type Journal, Bound volume
996 ## - STAFF PROCESSING RECORDS (NALT)
Staff name aroonthip.c
Staff type LIBSTF
Acquisition or Cataloging date 2024-05-27
998 ## - STAFF NAME (NALT)
-- 179
-- 179
-- อรุณทิพย์ จันทร์ดิษฐ์
รายการที่มีในห้องสมุด
Withdrawn status Lost status Source of classification or shelving scheme Damaged status Not for loan Collection code Home library Current library Shelving location Date acquired Total Checkouts Barcode Date last seen Price effective from Koha item type
    Library of Congress Classification     Bound Journal collection National Assembly Library of Thailand National Assembly Library of Thailand Journal & Magazine shelves 24/06/2024   2900035494 24/06/2024 24/06/2024 Journal, Bound volume
หอสมุดรัฐสภา
สำนักงานเลขาธิการสภาผู้แทนราษฎร เลขที่ 1111 ถนนสามเสน แขวงถนนนครไชยศรี เขตดุสิต กรุงเทพฯ 10300
The Secretariat of the House of Representatives 1111 Samsen Road, Thanon Nakhon Chai Si, Dusit, Bangkok 10300, THAILAND
โทรศัพท์: +66(0) 2242 5900 ต่อ 5714-5 โทรสาร: +66(0) 2242 5990 อีเมล: [email protected]